Capitals of the Commonwealth - Statistics

General Stats
  • This quiz has been taken 324 times
    260 since last reset
  • The average score is 27 of 53
Answer Stats
Hint Answer % Correct
UK London
95%
Australia Canberra
85%
Canada Ottawa
76%
New Zealand Wellington
76%
Jamaica Kingston
75%
Kenya Nairobi
73%
India New Delhi
69%
South Africa Pretoria
69%
Singapore Singapore
68%
Bangladesh Dhaka
66%
Bahamas Nassau
66%
Pakistan Islamabad
62%
Malaysia Kuala Lumpur
62%
Cyprus Nicosia
62%
Ghana Accra
61%
Malta Valletta
60%
Guyana Georgetown
59%
Barbados Bridgetown
57%
Antigua and Barbuda Saint John's
56%
Sierra Leone Freetown
54%
Maldives Male
54%
Belize Belmopan
52%
Nigeria Abuja
51%
Seychelles Victoria
51%
Papua New Guinea Port Moresby
50%
Namibia Windhoek
50%
Trinidad and Tobago Port of Spain
49%
Uganda Kampala
48%
Mozambique Maputo
48%
Botswana Gaborone
46%
Cameroon Yaounde
45%
Brunei Bandar Seri Begawan
43%
Tanzania Dodoma
43%
Rwanda Kigali
43%
Zambia Lusaka
43%
Grenada St George's
42%
Mauritius Port louis
41%
Dominica Roseau
41%
St Lucia Castries
40%
St Vincent and the Grenandines Kingstown
40%
Samoa Apia
38%
Malawi Lilongwe
38%
The Gambia Banjul
37%
Lesotho Maseru
35%
Swaziland Lobamba
33%
Saint Kitts and Nevis Basseterre
31%
Tuvalu Funafuti
31%
Vanuatu Port Vila
30%
Solomon Islands Honiara
29%
Tonga Nuku'Alofa
29%
Kiribati Tarawa
28%
Nauru Yaren
28%
Sri Lanka Sri Jayawardenapura Kotte
15%
No matching quizzes found
Score Distribution
Percent of People with Each Score
Percentile by Number Answered
Your Score History
You have not taken this quiz since the last reset